000 00886nas a2200289 4500
001 BR0505461
003 BR-BrBNA
005 20231205105725.0
007 ta
008 230509b bl.|||p| |||| 00| 00por d
040 _aBR-BrBNA
_bpor
_cBiblioteca Nacional de Agricultura
041 _a(Pt)
072 _aN20; F07
100 1 _aFernandes, H.C.
100 1 _aModolo, A.J.
100 1 _aOliveira, A.D. de
245 1 _aAdaptação de uma plantadora de batata para trabalhar em sistemas de plantio direto e cultivo mínimo
650 _aBATATA
650 _aPLANTADEIRA
650 _aMANEJO DO SOLO
650 _aCOMBUSTÍVEL
650 _aCONSUMO
650 _aMECANIZAÇÃO AGRÍCOLA
773 0 _tEngenharia na Agricultura (Brazil)
_xISSN 1414-3984
_g(Oct-Dec 2004), v. 12(4) p. 247-259
_wBR0505461
909 _a202311
_bLúcia
_c55
_dLúcia Elande
942 _2AGRIS
_n0
_cANA
999 _c184359
_d184359